[Event "Maastricht Limburg op-A 9th"]
[Site "Maastricht"]
[Date "2015.05.25"]
[Round "6"]
[White "Hoynck van Papendrecht, Frans M"]
[Black "Dardha, Arben"]
[Result "1/2-1/2"]
[WhiteElo "2091"]
[BlackElo "2343"]
[PlyCount "69"]
[EventDate "2015.05.22"]
[EventType "swiss"]
[EventRounds "7"]
[EventCountry "NED"]
[SourceTitle "CBM 166 Extra"]
[Source "ChessBase"]
[SourceDate "2015.06.18"]
[SourceVersion "1"]
[SourceVersionDate "2015.06.18"]
[SourceQuality "1"]

1. f4 d5 2. Nf3 g6 3. e3 c5 4. Be2 Bg7 5. 0-0 Nc6 6. d3 Nf6 7. Qe1 Qc7 8. a4 0-0 9. Nc3 a6 10. e4 d4 11. Nb1 e5 12. Qh4 Ng4 13. Ng5 Nh6 14. f5 f6 15. Ne6 Bxe6 16. Bxh6 g5 17. Qh3 Bd7 18. Nd2 b5 19. Bxg7 Kxg7 20. Qg3 h6 21. h4 Nd8 22. hxg5 hxg5 23. Kf2 Rh8 24. axb5 Bxb5 25. Rh1 Nf7 26. b3 Rxh1 27. Rxh1 Rh8 28. Rh3 Qd8 29. Bh5 Nd6 30. Nf3 Be8 31. Bxe8 Nxe8 32. Rxh8 Kxh8 33. Qh2+ Kg8 34. Qh5 Qe7 35. Nh2 1/2-1/2

[Event "Leiden Noteboom Memorial 75th"]
[Site "Leiden"]
[Date "2015.02.14"]
[Round "2"]
[White "Kazarian, Anna Maja"]
[Black "Hoynck van Papendrecht, Frans M"]
[Result "1-0"]
[WhiteElo "2097"]
[BlackElo "2106"]
[PlyCount "61"]
[EventDate "2015.02.13"]
[EventType "swiss"]
[EventRounds "6"]
[EventCountry "NED"]
[SourceTitle "CBM 164 Extra"]
[Source "ChessBase"]
[SourceDate "2015.03.02"]
[SourceVersion "1"]
[SourceVersionDate "2015.03.02"]
[SourceQuality "1"]

1. e4 Nf6 2. e5 Nd5 3. c4 Nb6 4. d4 d6 5. Nf3 Bg4 6. exd6 exd6 7. h3 Bh5 8. Be3 Be7 9. Nbd2 0-0 10. Bd3 Bg6 11. Bxg6 hxg6 12. Qb3 N8d7 13. h4 Nf6 14. 0-0-0 a5 15. Ng5 a4 16. Qd3 Ng4 17. f3 Nxe3 18. Qxe3 a3 19. b3 Re8 20. Qf4 Bf6 21. Rh2 c5 22. Rdh1 Nd7 23. h5 Nf8 24. Nde4 Qa5 25. hxg6 Nxg6 26. Rh8+ Nxh8 27. Rxh8+ Kxh8 28. Qh2+ Kg8 29. Nxf6+ Kf8 30. Qxd6+ Re7 31. Ngh7# 1-0